00488 a2200169 450000100060000002000060000604000370001210000210004924000410007024500360011130000090014736200090015665000240016594200070018995201050019699900170030175629 a  cAnchieta - Colégio São Paulo aGalrão, Martha10aConvivendo com as diferenças:lpor10aConvivendo com as diferenças: a[30]0 a2017 4aLiteratura infantil cBK 00104070a88.1b88.1d2023-11-22l0oLI 028.5 G178cp7337/CSPr2023-11-22 14:33:12w2023-11-22yBK c75629d75629